| 000 | 00711nam a22002417a 4500 | ||
|---|---|---|---|
| 008 | 130508b xxu||||| |||| 00| 0 eng d | ||
| 020 | _a81-7024-806-x | ||
| 024 | _cAvailable | ||
| 037 | _cAvailable | ||
| 040 |
_aMBSTU LIBRARY _dMBSTU LIBRARY |
||
| 082 |
_222 _a345.05 VAP |
||
| 100 | _aVadackumchery, James. | ||
| 245 | _aThe police, the court and injustice. | ||
| 260 |
_aNew Delhi _bAPH Publisher Corporation. _c1997 |
||
| 300 |
_a22 cm. _b188 page _f10 _g22 cm. |
||
| 600 | _aCriminal justice. | ||
| 650 | _2Criminal justice. | ||
| 700 | _aVadackumchery, James. | ||
| 270 |
_aNew Delhi _bNew Delhi _dIndia |
||
| 365 |
_b680.00 _d680.00 |
||
| 942 |
_2ddc _cBK |
||
| 999 |
_c337 _d337 |
||